Départements du Salvador sur une carte - Statistiques

Statistiques générales
  • Ce quiz a été pris 44 fois
  • Le résultat moyen est 8 sur 14
Réponses sur la Carte
Les réponses sont colorées sur une échelle allant du rouge au vert en fonction du pourcentage des utilisateurs qui les ont devinées à leur premier essai. Vous pouvez retrouver ces pourcentages ci-dessous.
 
Statistiques - réponses
Département % Correct
San Salvador
100%
San Miguel
71%
Cabañas
57%
Chalatenango
57%
Cuscatlán
57%
La Libertad
57%
La Paz
57%
La Unión
57%
Morazán
57%
Santa Ana
57%
Sonsonate
57%
Usulután
57%
Ahuachapán
43%
San Vicente
43%
Aucun quiz correspondant
Distribution des résultats
% des personnes avec chaque résultat
Percentile par nombre de réponses
Votre historique - résultats
Vous n’avez pas pris ce quiz